O viajante do tempo / (Record no. 524)
[ view plain ]
| 000 -LÍDER | |
|---|---|
| campo de controle de tamanho fixo | 01109nam a22002774a 4500 |
| 001 - NÚMERO DE CONTROLE | |
| campo de controle | 524 |
| 003 - IDENTIFICADOR DO NÚMERO DE CONTROLE | |
| campo de controle | BR-RjBN |
| 005 - DATA E HORÁRIO DA ÚLTIMA TRANSAÇÃO | |
| campo de controle | 20260525083124.0 |
| 008 - CAMPO DE DADOS FIXOS--INFORMAÇÃO GERAL | |
| campo de controle de tamanho fixo | 880101s1988 sp 000 f por d |
| 020 ## - ISBN - INTERNATIONAL STANDARD BOOK NUMBER | |
| ISBN - International Standard Book Number | 9788571231559 |
| 040 ## - FONTE DA CATALOGAÇÃO | |
| Idioma da catalogação | por |
| 041 1# - CÓDIGO DE IDIOMA | |
| Código do idioma do texto/trilha sonora ou título diferente | por |
| Código do idioma do original e/ou traduções intermediárias do texto | eng |
| 082 ## - CDD - CLASSIFICAÇÃO DECIMAL DE DEWEY | |
| Número de Classificação | 813 |
| Número do exemplar | B798v |
| 100 1# - ENTRADA PRINCIPAL--NOME PESSOAL | |
| Nome pessoal | Bradbury, Ray. |
| 245 12 - TÍTULO | |
| Título | O viajante do tempo / |
| Indicação de responsabilidade, etc. | Ray Bradbury. |
| 260 ## - PUBLICAÇÃO, DISTRIBUIÇÃO, ETC. | |
| Local de publicação, distribuição, etc. | São Paulo : |
| Nome do editor, distribuidor, etc. | Best Seller, |
| Data da publicação, distribuição, etc. | 1988. |
| 300 ## - DESCRIÇÃO FÍSICA | |
| Extensão | 300 p. ; |
| 520 ## - NOTA DE RESUMO, ETC. | |
| Resumo, etc. | Em uma narrativa marcada por elementos de ficção científica e fantasia, Ray Bradbury conduz o leitor por reflexões sobre o tempo, a condição humana e os impactos das escolhas individuais. Com sua escrita poética e imaginativa, o autor constrói uma obra envolvente que mistura aventura, emoção e questionamentos existenciais, características marcantes de sua produção literária. |
| 650 #0 - ASSUNTO--TERMO TÓPICO | |
| Cabeçalho tópico ou nome geográfico | Literatura norte-americana. |
| 650 #0 - ASSUNTO--TERMO TÓPICO | |
| Cabeçalho tópico ou nome geográfico | Ficção científica. |
| 9 (RLIN) | 63 |
| 650 #0 - ASSUNTO--TERMO TÓPICO | |
| Cabeçalho tópico ou nome geográfico | Viagem no tempo. |
| 9 (RLIN) | 145 |
| 650 #0 - ASSUNTO--TERMO TÓPICO | |
| Cabeçalho tópico ou nome geográfico | Fantasia. |
| 9 (RLIN) | 45 |
| 655 #0 - TERMO DE ÍNDICE--GÊNERO E FORMA | |
| Gênero/forma/ou termo foco | Romance. |
| 655 #0 - TERMO DE ÍNDICE--GÊNERO E FORMA | |
| Gênero/forma/ou termo foco | Ficção. |
| 942 ## - ELEMENTOS DE ENTRADA ADICIONADOS (KOHA) | |
| Fonte de classificação ou esquema de arquivamento | Classificação decimal de Dewey |
| Ocultar no OPAC | Não |
| Tipo de material Koha | Livros |
| Situação do descarte | Situação das perdas | Fonte de classificação ou esquema de arquivamento | Status danificado | Não pode ser emprestado | Coleção | Biblioteca de origem | Biblioteca atual | Localização na estante | Data de aquisição | Fonte de aquisição | Total de empréstimos | Número de chamada completo | Código de barras | Data de último acesso | Data do preço efetivo | Tipo de material Koha |
|---|---|---|---|---|---|---|---|---|---|---|---|---|---|---|---|---|
| Classificação decimal de Dewey | Ficção | Biblioteca Professor Eduardo Afonso de Castro | Biblioteca Professor Eduardo Afonso de Castro | Literatura Estrangeira | 25.05.2026 | doação | 813 / B798v | 2026-17460 | 25.05.2026 | 25.05.2026 | Livros |